000 00927nam a2200301Ia 4500
003 OSt
005 20221006153435.0
006 a|||||r|||| 00| 0
007 ta
008 221006b |||||||| |||| 00| 0 kor d
020 _a9788988095881
_cW 35,000 (each)
024 _a32,330
037 _bGift, Window on Korea
_cTextual
040 _aEASL
_cEASL
_bkor
041 _2kor
_akor
082 _aO4950aY:351, P5
100 _aSEO Daeseok Co.
_9663957
245 0 _aOral literature of Korea
260 _aSeoul
_bJimoondang Korea
_c2005
300 _a385p.
_ccm.
490 _v KEL
_aKorean studies series no.31
650 _a KEL
650 _a Samanist narrative songs
_9663958
650 _aMyths-folktales-legends
_9663959
700 _a LEE Peter H Ed.
_9663960
942 _hO4950aY:351, P5
_cTEXL
_2CC
999 _c1100416
_d1100416